The Americas (except the US) Geography by Letter -- G - Statistics

General Stats
  • This quiz has been taken 677 times
  • The average score is 10 of 15
Answer Stats
Hint Answer % Correct
Central American country and city Guatemala
97%
Caribbean country invaded by the US in the 1983 Grenada
95%
English speaking South American country Guyana
95%
Largest island in the world and the first false advertising claim Greenland
92%
St Vincent and the ________________ Grenadines
92%
__________Bear Lake and _______Slave Lake Great
91%
Capital of the above country Georgetown
81%
Second largest city in Mexico Guadalajara
81%
Occupied Cuban territory Guantanamo
71%
Capital of the above country, Saint ___________ Saint George's
64%
Largest city in Ecuador Guayaquil
44%
A French overseas department in Leeward Islands of the Caribbean Guadeloupe
33%
A protected bird in Canada, this bird has been culled in many American locations as it has adapted well to urban life. Canada Goose
31%
The largest island of a British territorial island chain in the Caribbean. The island chain is an answer in the C quiz. Grand Cayman Island
23%
Two rival Italian families, ______________ and the Ghibellines, or a small city and university in Ontario, Canada Guelph
21%
No matching quizzes found
Score Distribution
Percent of People with Each Score
Percentile by Number Answered
Your Score History
You have not taken this quiz